The Adventures of Oliver Twist (Record no. 1318)

000 -LEADER
fixed length control field 00548nam a22001817a 4500
005 - DATE AND TIME OF LATEST TRANSACTION
control field 20210426083934.0
008 - FIXED-LENGTH DATA ELEMENTS--GENERAL INFORMATION
fixed length control field 210210s1997 ||||| |||| 00| 0 eng d
040 ## - CATALOGING SOURCE
Original cataloging agency eng
Transcribing agency DLC
041 ## - LANGUAGE CODE
Language code of text/sound track or separate title eng
080 ## - UNIVERSAL DECIMAL CLASSIFICATION NUMBER
Universal Decimal Classification number 821.111
Item number D-53
100 ## - MAIN ENTRY--PERSONAL NAME
9 (RLIN) 449
Personal name Dickens, Charles
245 ## - TITLE STATEMENT
Title The Adventures of Oliver Twist
Statement of responsibility, etc. / by: Book-of-the-Month Club
260 ## - PUBLICATION, DISTRIBUTION, ETC.
Place of publication, distribution, etc. New York
Name of publisher, distributor, etc. Book-of-the-Month Club
Date of publication, distribution, etc. 1997
300 ## - PHYSICAL DESCRIPTION
Extent 509 p.
Other physical details ill.
650 #0 - SUBJECT ADDED ENTRY--TOPICAL TERM
9 (RLIN) 254
Topical term or geographic name entry element English literature
653 ## - INDEX TERM--UNCONTROLLED
Uncontrolled term ინგლისური ლიტერატურა
942 ## - ADDED ENTRY ELEMENTS (KOHA)
Source of classification or shelving scheme
Koha item type Books
Holdings
Withdrawn status Lost status Source of classification or shelving scheme Damaged status Not for loan Permanent location Current location Date acquired Inventory number Total Checkouts Full call number Barcode Date last seen Price effective from Koha item type
          Ken Walker International University Ken Walker International University 02/10/2021 541   821.111 D-53 541 02/10/2021 02/10/2021 Books

Powered by Koha